000 00580nam a2200253Ia 4500
003 OSt
005 20220912152859.0
006 a|||||r|||| 00| 0
007 ta
008 220909b |||||||| |||| 00| 0 eng d
024 _a33289
037 _cTextual
040 _aCSL
_beng
_cCSL
041 _aeng
082 _aY174418YA:1, K2
100 _aRaghaviah V
245 0 _aYanadis
260 _c1962
300 _ap.
_ccm.
650 _a Sociology
650 _aIndians
942 _hY174418YA:1, K2
_cTEXL
_2CC
999 _c92714
_d92714